00929naa a22002417a 4500001001000000003000900010005001700019007000300036008003400039040005400073041000900127072001400136100001600150245007400166260003700240500011900277650001300396650001300409650001400422650001300436650002100449773021700470BR8302994BR-BrBNA20240918175302.0ta230509b bl.||||| |||| 00| 0 por d aBR-BrBNAbporcBiblioteca Nacional de Agricultura a(Pt) aQ30b90001 aSoler, R.M.1 aEmbalagens para os diferentes tipos de alimentos: alimentos enlatados3 aSao Paulo, SP (Brasil): c1983.  aCabral, A.C.D. (ed.) Embalagens de produtos alimenticios Sao Paulo, SP (Brasil): 1983. p. 23-43 (BR8302994-AM)Q30  aALIMENTO aENLATADO aEMBALAGEM aCONSERVA aLATA DE CONSERVA0 tEmbalagens de produtos alimenticiosaCabral, A.C.D. (ed.). Secretaria da Industria, Comercio, Ciencia e Tecnologia do Estado de Sao Paulo, Sao Paulo (Brasil)wQ30 BR8302994gSao Paulo, SP (Brasil), 1983. p. 23-43